|
|
|
|
| LEADER |
008730000a22002530004500 |
| 020 |
|
|
|a 978-0-7619-3647-3
|
| 082 |
|
|
|a 303.372 095 4 P8
|
| 100 |
|
|
|a Dusche, Michael; Editor
|
| 100 |
|
|
|a Rajeev Bhargava; Editor
|
| 100 |
|
|
|a Reifeld, Helmut; Editor
|
| 245 |
|
|
|a Justice: political, social, juridical
|
| 250 |
|
|
|
| 260 |
|
|
|a New Delhi, Sage Publications Inc
|e 2008
|
| 260 |
|
|
|c 2008
|
| 460 |
|
|
|a 325p
|
| 465 |
|
|
|a Rs.650.00
|
| 500 |
|
|
|a ed by Rajeev Bhargava, Michael Dusche and Helmut Reifeld
|
| 500 |
|
|
|a Includes bibliographical references and index
|
| 650 |
|
|
|a Caste-India
|
| 650 |
|
|
|a Social justice in literature
|
| 650 |
|
|
|a Social justice-India
|
| 942 |
|
|
|c BK
|
| 999 |
|
|
|c 41582
|d 41582
|
| 952 |
|
|
|0 0
|1 0
|4 0
|6 303_372000000000000_095_4_P8
|7 0
|8 ENG
|9 42171
|a MGUL
|b MGUL
|d 2013-07-16
|e Rs.650.00
|l 1
|m 1
|o 303.372 095 4 P8
|p 40077
|r 2016-05-12
|s 2016-03-18
|w 2013-07-16
|y BK
|